EL NINO AND THE PERUVIAN ANCHOVY FISHERY (Record no. 9293)
[ view plain ]
| 000 -LEADER | |
|---|---|
| fixed length control field | 00471nam a22001817a 4500 |
| 003 - CONTROL NUMBER IDENTIFIER | |
| control field | OSt |
| 005 - DATE AND TIME OF LATEST TRANSACTION | |
| control field | 20240724112656.0 |
| 008 - FIXED-LENGTH DATA ELEMENTS--GENERAL INFORMATION | |
| fixed length control field | 240724b |||||||| |||| 00| 0 eng d |
| 020 ## - INTERNATIONAL STANDARD BOOK NUMBER | |
| International Standard Book Number | 9780935702792 |
| 040 ## - CATALOGING SOURCE | |
| Original cataloging agency | MUST |
| Transcribing agency | MUST |
| 082 ## - DEWEY DECIMAL CLASSIFICATION NUMBER | |
| Classification number | 338.3 LAW 1997 |
| 100 ## - MAIN ENTRY--PERSONAL NAME | |
| Personal name | Laws ,Edward A . |
| 9 (RLIN) | 19005 |
| 245 ## - TITLE STATEMENT | |
| Title | EL NINO AND THE PERUVIAN ANCHOVY FISHERY |
| Statement of responsibility, etc. | Edward A. Laws. |
| 300 ## - PHYSICAL DESCRIPTION | |
| Extent | xi, 58p |
| Other physical details | ill. |
| Dimensions | 27cm |
| Accompanying material | CD |
| 504 ## - BIBLIOGRAPHY, ETC. NOTE | |
| Bibliography, etc | indexes |
| 650 ## - SUBJECT ADDED ENTRY--TOPICAL TERM | |
| Source of heading or term | fishing |
| 942 ## - ADDED ENTRY ELEMENTS (KOHA) | |
| Source of classification or shelving scheme | Dewey Decimal Classification |
| Koha item type | Open Shelf |
| Withdrawn status | Lost status | Source of classification or shelving scheme | Damaged status | Not for loan | Home library | Current library | Date acquired | Source of acquisition | Inventory number | Total Checkouts | Full call number | Barcode | Date last seen | Price effective from | Koha item type |
|---|---|---|---|---|---|---|---|---|---|---|---|---|---|---|---|
| Dewey Decimal Classification | MUST Main Library | MUST Main Library | 24/07/2024 | Purchase | 04/21843 | 338.3 LAW 1997 | 2024-22193 | 24/07/2024 | 24/07/2024 | Open Shelf | |||||
| Dewey Decimal Classification | MUST Main Library | MUST Main Library | 24/07/2024 | Purchase | 04/21843 | 338.3 LAW 1997 | 2024-22194 | 24/07/2024 | 24/07/2024 | Open Shelf | |||||
| Dewey Decimal Classification | MUST Main Library | MUST Main Library | 24/07/2024 | Purchase | 04/21843 | 338.3 LAW 1997 | 2024-22195 | 24/07/2024 | 24/07/2024 | Open Shelf | |||||
| Dewey Decimal Classification | MUST Main Library | MUST Main Library | 24/07/2024 | Purchase | 04/21861 | 338.3 LAW 1997 | 2024-22196 | 24/07/2024 | 24/07/2024 | Open Shelf |
